|
|
|
|
| LEADER |
00000nam0a2200000 4500 |
| 001 |
208275 |
| 005 |
20231101225443.0 |
| 010 |
|
|
|a 0099116413
|
| 035 |
|
|
|a (RuTPU)RU\TPU\book\227370
|
| 090 |
|
|
|a 208275
|
| 100 |
|
|
|a 20120202d1992 k y0engy50 ba
|
| 101 |
0 |
|
|a eng
|
| 102 |
|
|
|a GB
|
| 105 |
|
|
|a a z 001zy
|
| 200 |
1 |
|
|a Alan Turing: The Enigma
|f A. Hodges
|
| 210 |
|
|
|a London
|c Vintage
|d 1992
|
| 215 |
|
|
|a 586 p.
|c il.
|
| 320 |
|
|
|a Index: p. 570-586.
|
| 606 |
1 |
|
|a Кодирование,теория
|2 stltpush
|3 (RuTPU)RU\TPU\subj\14623
|9 40986
|
| 610 |
1 |
|
|a коды
|
| 610 |
1 |
|
|a шифры
|
| 610 |
1 |
|
|a шифровальные машины
|
| 610 |
1 |
|
|a кодирующие устройства
|
| 610 |
1 |
|
|a криптография
|
| 610 |
1 |
|
|a криптографическая деятельность
|
| 610 |
1 |
|
|a история
|
| 610 |
1 |
|
|a военное дело
|
| 610 |
1 |
|
|a английский язык
|
| 675 |
|
|
|a 621.391
|v 3
|
| 700 |
|
1 |
|a Hodges
|b A.
|g Andrew
|
| 801 |
|
1 |
|a RU
|b 63413507
|c 20120202
|
| 801 |
|
2 |
|a RU
|b 63413507
|c 20120209
|g RCR
|
| 942 |
|
|
|c BK
|